000 00384 a2200109 4500
001 ART_49868
005 20260410161843.0
008 260409a
245 1 0 _aLa necesaria determinación de la desigualdad para el tratamiento equitativo de los derechos fundamentales
100 1 _aPérez Hualde, Alejandro
773 0 _tRAP
_g- Año 41, Nº 486 (mar. 2019)
_wREV5941
999 _c24286
_d24286